书目信息 |
| 题名: |
莫伟民讲福柯
|
|
| 作者: | 莫伟民 著 | |
| 分册: | ||
| 出版信息: | 北京 北京大学出版社 2005.09 |
|
| 页数: | 263页, [8] 页图版 | |
| 开本: | 21cm | |
| 丛书名: | 未名讲坛 | |
| 单 册: | ||
| 中图分类: | B565.59 | |
| 科图分类: | ||
| 主题词: | 哲学家--zhe xue jia--哲学思想--法国--当代 | |
| 电子资源: | ||
| ISBN: | 7-301-09237-7 | |
| 000 | 00953nam 2200265 450 | |
| 001 | 012007340922 | |
| 005 | 20070926161003.98 | |
| 010 | @a7-301-09237-7@dCNY25.00 | |
| 100 | @a20070724d2005 km y0chiy0120 ea | |
| 101 | 0 | @achi@aeng |
| 102 | @aCN@b110000 | |
| 105 | @aacf a 000yy | |
| 200 | 1 | @a莫伟民讲福柯@Amo wei min jiang fu ke@f莫伟民著@Fmo wei min zhu |
| 210 | @a北京@c北京大学出版社@d2005.09 | |
| 215 | @a263页, [8] 页图版@c图, 肖像@d21cm | |
| 225 | 2 | @a未名讲坛@Awei ming jiang tan@h第一辑 |
| 320 | @a有书目 (第255-257页)。 | |
| 330 | @a本书共分10讲,内容包括:福柯思想的形成、演讲和定位;福柯拒绝启蒙的敲诈;福柯的人文科学考古学;为什么福柯不是结构主义者等。 | |
| 410 | 0 | @12001 @a未名讲坛 |
| 600 | 1 | @a福柯@Afu ke@c(Foucault, Michel),@f1926-1984@x哲学思想@x研究 |
| 606 | 0 | @a哲学家@Azhe xue jia@x哲学思想@y法国@z当代 |
| 690 | @aB565.59@v4 | |
| 701 | 0 | @a莫伟民@Amo wei min@4著 |
| 801 | 0 | @aCN@c20070926 |
| 905 | @dB565.59@eM884 | |
| 莫伟民讲福柯/莫伟民著.-北京:北京大学出版社,2005.09 |
| 263页, [8] 页图版:图, 肖像;21cm.-(未名讲坛.第一辑) |
| ISBN 7-301-09237-7:CNY25.00 |
| 本书共分10讲,内容包括:福柯思想的形成、演讲和定位;福柯拒绝启蒙的敲诈;福柯的人文科学考古学;为什么福柯不是结构主义者等。 |
| ● |
| 相关链接 |
|
|
|
正题名:莫伟民讲福柯
索取号:B565.59/M884
 
预约/预借
| 序号 | 登录号 | 条形码 | 馆藏地/架位号 | 状态 | 备注 |
| 1 | 247397 | 202473974 | 社科库509/509社科库 19排2列2层/ [索取号:B565.59/M884] | 在馆 |